Essentials of pharmacoeconomics / (Record no. 13681)
[ view plain ]
| 000 -LEADER | |
|---|---|
| fixed length control field | 01169cam a22003134a 4500 |
| 003 - CONTROL NUMBER IDENTIFIER | |
| control field | OSt |
| 005 - DATE AND TIME OF LATEST TRANSACTION | |
| control field | 20140310182451.0 |
| 008 - FIXED-LENGTH DATA ELEMENTS--GENERAL INFORMATION | |
| fixed length control field | 070831s2009 paua b 001 0 eng |
| 020 ## - INTERNATIONAL STANDARD BOOK NUMBER | |
| International Standard Book Number | 9780781765442 |
| 020 ## - INTERNATIONAL STANDARD BOOK NUMBER | |
| International Standard Book Number | 9780781765442 |
| 050 ## - LIBRARY OF CONGRESS CALL NUMBER | |
| Classification number | RM 263 |
| Item number | .R37 2009 |
| 100 1# - MAIN ENTRY--PERSONAL NAME | |
| Personal name | Rascati, Karen L. |
| 9 (RLIN) | 8140 |
| 245 10 - TITLE STATEMENT | |
| Title | Essentials of pharmacoeconomics / |
| Statement of responsibility, etc | Karen L. Rascati. |
| 260 ## - PUBLICATION, DISTRIBUTION, ETC. (IMPRINT) | |
| Place of publication, distribution, etc | Philadelphia : |
| Name of publisher, distributor, etc | Lippincott Williams & Wilkins, |
| Date of publication, distribution, etc | c2009. |
| 300 ## - PHYSICAL DESCRIPTION | |
| Extent | 250 p. : |
| Other physical details | ill. ; |
| Dimensions | 26 cm. |
| 650 #0 - SUBJECT ADDED ENTRY--TOPICAL TERM | |
| Topical term or geographic name as entry element | Chemotherapy |
| General subdivision | Economic aspects. |
| 9 (RLIN) | 8141 |
| 650 #0 - SUBJECT ADDED ENTRY--TOPICAL TERM | |
| Topical term or geographic name as entry element | Drugs |
| General subdivision | Cost effectiveness. |
| 9 (RLIN) | 8142 |
| 650 #0 - SUBJECT ADDED ENTRY--TOPICAL TERM | |
| Topical term or geographic name as entry element | Pharmacy |
| General subdivision | Economic aspects. |
| 9 (RLIN) | 8143 |
| 650 12 - SUBJECT ADDED ENTRY--TOPICAL TERM | |
| Topical term or geographic name as entry element | Economics, Pharmaceutical. |
| 9 (RLIN) | 8144 |
| 650 22 - SUBJECT ADDED ENTRY--TOPICAL TERM | |
| Topical term or geographic name as entry element | Costs and Cost Analysis |
| General subdivision | methods. |
| 9 (RLIN) | 8145 |
| 650 22 - SUBJECT ADDED ENTRY--TOPICAL TERM | |
| Topical term or geographic name as entry element | Models, Economic. |
| 9 (RLIN) | 8146 |
| 650 22 - SUBJECT ADDED ENTRY--TOPICAL TERM | |
| Topical term or geographic name as entry element | Pharmaceutical Preparations |
| General subdivision | economics. |
| 9 (RLIN) | 8147 |
| 650 22 - SUBJECT ADDED ENTRY--TOPICAL TERM | |
| Topical term or geographic name as entry element | Pharmaceutical Services |
| General subdivision | economics. |
| 9 (RLIN) | 8148 |
| 856 42 - ELECTRONIC LOCATION AND ACCESS | |
| Materials specified | Publisher description |
| Uniform Resource Identifier | <a href="http://www.loc.gov/catdir/enhancements/fy0743/2007036322-d.html">http://www.loc.gov/catdir/enhancements/fy0743/2007036322-d.html</a> |
| 856 41 - ELECTRONIC LOCATION AND ACCESS | |
| Materials specified | Table of contents only |
| Uniform Resource Identifier | <a href="http://www.loc.gov/catdir/enhancements/fy0835/2007036322-t.html">http://www.loc.gov/catdir/enhancements/fy0835/2007036322-t.html</a> |
| 942 ## - ADDED ENTRY ELEMENTS (KOHA) | |
| Source of classification or shelving scheme | Library of Congress Classification |
| Koha item type | |
| Withdrawn status | Lost status | Source of classification or shelving scheme | Damaged status | Home library | Current library | Shelving location | Date acquired | Total Checkouts | Full call number | Barcode | Date last seen | Copy number | Price effective from | Koha item type | Source of acquisition |
|---|---|---|---|---|---|---|---|---|---|---|---|---|---|---|---|
| Library of Congress Classification | South SEED-LPDH College Library | South SEED-LPDH College Library | South SEED-LPDH College Section | 08/05/2013 | RM 263 .R37 2009 | SSLC0431 | 05/15/2018 | 1 | 08/05/2013 | Books | |||||
| Library of Congress Classification | South SEED-LPDH College Library | South SEED-LPDH College Library | South SEED-LPDH College Section | 08/13/2013 | RM 263 .R37 2009 | SSLC0399 | 05/15/2018 | 2 | 08/13/2013 | Books | Donation |